000 00409 a2200157 4500
999 _c5056
_d5056
020 _a9780140364521
050 0 0 _aPZ8.1 SER 1993
100 1 _aSerraillier, Ian
_eauthor
245 1 4 _aThe silver sword /
_cIan Serraillier
264 _aLondon :
_bJonathan Cape,
_c1956
300 _a181 pg . :
_bill .
500 _anovel
650 _aThe silver sword
651 _aRefugees.
942 _2lcc
_cBK
_h8.1
_iSER
_kPZ